[Event "Vinnytsia Olkhovsky Memorial 8th"]
[Site "Vinnytsia"]
[Date "2021.07.10"]
[Round "8"]
[White "Paryokha, Ivan"]
[Black "Bodnar, Nikolay"]
[Result "0-1"]
[WhiteElo "1341"]
[BlackElo "2434"]
[PlyCount "82"]
[EventDate "2021.07.10"]
[EventType "swiss (rapid)"]
[EventRounds "9"]
[EventCountry "UKR"]
[SourceTitle "CBM 203 Extra"]
[Source "ChessBase"]
[SourceDate "2021.09.30"]
[SourceVersion "1"]
[SourceVersionDate "2021.09.30"]
[SourceQuality "1"]

1. e4 c5 2. Nf3 Nc6 3. d4 cxd4 4. Nxd4 Qb6 5. c3 Nf6 6. f3 e6 7. b3 Bc5 8. Bb2 d5 9. exd5 Nxd5 10. Bb5 0-0 11. Bxc6 bxc6 12. Nd2 Nxc3 13. Bxc3 Bxd4 14. Bxd4 Qxd4 15. Nc4 Qh4+ 16. g3 Qh3 17. Kf2 Ba6 18. Rc1 Rfd8 19. Qf1 Qh5 20. Qe1 Rd5 21. Ne3 Rd6 22. Qb4 Rad8 23. Rcd1 Qe5 24. Rxd6 Qxd6 25. Rd1 Qxb4 26. Rxd8+ Qf8 27. Rxf8+ Kxf8 28. Ng4 f6 29. Ke3 Ke7 30. Nf2 Kd6 31. a3 c5 32. Ne4+ Kc6 33. Nc3 Bb7 34. f4 a5 35. Ne4 Ba6 36. Nd2 Kd5 37. Nb1 Bf1 38. Nc3+ Kc6 39. Kd2 Bg2 40. Kc2 Kd6 41. Kd3 Bd5 0-1